000 00384 a2200157 4500
005 20250619112714.0
020 _a0-19-807411-5
082 _a658.3 JYO
100 _aJYTHI,P
245 _aHuman Resource Management
250 _a2nd ed.
260 _aNew Delhi
_boxford university press
_c2013
300 _axxiv,559p.;ill
_bIndex
_c24cm
700 _aD.N.Venkatesh
942 _2ddc
_cBKS
999 _c4416
_d4416